<?xml version="1.0" encoding="UTF-8"?>
<collection xmlns="http://www.loc.gov/MARC21/slim">
 <record>
  <leader>01976nam a2200349 a 4500</leader>
  <controlfield tag="001">1/54738</controlfield>
  <controlfield tag="008">211214s1967    gr            000 | gre d</controlfield>
  <datafield tag="020" ind1=" " ind2=" ">
   <subfield code="a">9786185433581</subfield>
   <subfield code="q">(set)</subfield>
  </datafield>
  <datafield tag="020" ind1=" " ind2=" ">
   <subfield code="a">9786185433611</subfield>
   <subfield code="q">(τ. 3)</subfield>
  </datafield>
  <datafield tag="040" ind1=" " ind2=" ">
   <subfield code="a">GR-PeUP</subfield>
  </datafield>
  <datafield tag="082" ind1="0" ind2="0">
   <subfield code="a">940.53 GAU ΜΤΦ</subfield>
  </datafield>
  <datafield tag="100" ind1="1" ind2=" ">
   <subfield code="a">Gaulle, Charles de,</subfield>
   <subfield code="d">1890-1970.</subfield>
  </datafield>
  <datafield tag="245" ind1="0" ind2="0">
   <subfield code="a">Δεύτερος Παγκόσμιος Πόλεμος : </subfield>
   <subfield code="b">απομνημονεύματα 1940-1946 /</subfield>
   <subfield code="c">Κάρολος Ντε Γκωλ ; μετάφραση Δ. Π. Κωστελένος.</subfield>
  </datafield>
  <datafield tag="260" ind1=" " ind2=" ">
   <subfield code="a">Αθήνα :</subfield>
   <subfield code="b">Γκοβοστής Εκδοτική, </subfield>
   <subfield code="c">2020.</subfield>
  </datafield>
  <datafield tag="300" ind1=" " ind2=" ">
   <subfield code="a">τ., (587-878 σ.) ;</subfield>
   <subfield code="c">24 εκ.</subfield>
  </datafield>
  <datafield tag="500" ind1=" " ind2=" ">
   <subfield code="a">Τίτλος πρωτοτύπου: Memoires de guerre.</subfield>
  </datafield>
  <datafield tag="500" ind1=" " ind2=" ">
   <subfield code="a">Η βιβλιοθήκη έχει τον τόμο Γ'.</subfield>
  </datafield>
  <datafield tag="500" ind1=" " ind2=" ">
   <subfield code="a">Ειδική έκδοση για την εφημερίδα Το Βήμα.</subfield>
  </datafield>
  <datafield tag="650" ind1=" " ind2="4">
   <subfield code="a">Παγκόσμιος Πόλεμος</subfield>
   <subfield code="y">1939-1945</subfield>
   <subfield code="z">Ελλάδα.</subfield>
  </datafield>
  <datafield tag="650" ind1=" " ind2="4">
   <subfield code="a">Παγκόσμιος Πόλεμος</subfield>
   <subfield code="y">1939-1945</subfield>
   <subfield code="z">Γαλλία.</subfield>
  </datafield>
  <datafield tag="650" ind1=" " ind2="4">
   <subfield code="a">Παγκόσμιος πόλεμος</subfield>
   <subfield code="y">1939-1945</subfield>
   <subfield code="x">Αντιστασιακά κινήματα</subfield>
   <subfield code="z">Ελλάδα.</subfield>
  </datafield>
  <datafield tag="650" ind1=" " ind2="4">
   <subfield code="a">Παγκόσμιος πόλεμος</subfield>
   <subfield code="y">1939-1945</subfield>
   <subfield code="x">Αντιστασιακά κινήματα</subfield>
   <subfield code="z">Γαλλία.</subfield>
  </datafield>
  <datafield tag="650" ind1=" " ind2="4">
   <subfield code="a">Παγκόσμιος Πόλεμος</subfield>
   <subfield code="y">1939-1945</subfield>
   <subfield code="x">Προσωπικές αφηγήσεις</subfield>
   <subfield code="z">Γαλλία.</subfield>
  </datafield>
  <datafield tag="650" ind1=" " ind2="0">
   <subfield code="a">World War, 193-1945 </subfield>
   <subfield code="z">France.</subfield>
  </datafield>
  <datafield tag="650" ind1=" " ind2="0">
   <subfield code="a">World War, 193-1945</subfield>
   <subfield code="z">Greece.</subfield>
  </datafield>
  <datafield tag="650" ind1=" " ind2="0">
   <subfield code="a">World War, 1939-1945 </subfield>
   <subfield code="x">Resistance movements</subfield>
   <subfield code="z">Greece.</subfield>
  </datafield>
  <datafield tag="650" ind1=" " ind2="0">
   <subfield code="a">World War, 1939-1945 </subfield>
   <subfield code="x">Resistance movements</subfield>
   <subfield code="z">France.</subfield>
  </datafield>
  <datafield tag="650" ind1=" " ind2="0">
   <subfield code="a">World War, 1939-1945 </subfield>
   <subfield code="x">Personal narratives, French.</subfield>
  </datafield>
  <datafield tag="700" ind1="1" ind2=" ">
   <subfield code="a">Κωστελένος, Δημήτρης Π.,</subfield>
   <subfield code="d">1932-2004.</subfield>
  </datafield>
  <datafield tag="852" ind1=" " ind2=" ">
   <subfield code="a">INST</subfield>
   <subfield code="b">UNIPILB</subfield>
   <subfield code="c">MAIN</subfield>
   <subfield code="e">20211221</subfield>
   <subfield code="h">940.53 GAU ΜΤΦ</subfield>
   <subfield code="p">00186997</subfield>
   <subfield code="q">00186997</subfield>
   <subfield code="t">LOAN</subfield>
   <subfield code="v">τομ.3:</subfield>
   <subfield code="y">0</subfield>
   <subfield code="4">1</subfield>
  </datafield>
  <datafield tag="853" ind1=" " ind2=" ">
   <subfield code="a">INST</subfield>
   <subfield code="b">UNIPILB</subfield>
   <subfield code="c">MAIN</subfield>
   <subfield code="h">940.53 GAU ΜΤΦ</subfield>
   <subfield code="l">τομ.3</subfield>
  </datafield>
  <datafield tag="960" ind1=" " ind2=" ">
   <subfield code="a">ΑΛΜΠΑΝΗ ΤΑΝΙΑ</subfield>
  </datafield>
 </record>
</collection>
